RER C - STATIONS - Statistiques

Statistiques générales
  • Ce quiz a été pris 25 fois
  • Le résultat moyen est 14 sur 34
Statistiques - réponses
Correspondance/terminus Réponse % Correct
RER D - Terminus Juvisy
82%
RER B Saint Michel
76%
Bretigny
71%
Terminus Etampes
71%
Terminus Dourdan
59%
Ivry
59%
METRO 5/10 - Terminus Paris Austerlitz
59%
Terminus Saint Martin d'Etampes
59%
Choisy le Roi
53%
Terminus Invalides
53%
METRO 12 - Terminus Musée d'Orsay
53%
Vitry
53%
Athis Mons
47%
Arpajon
41%
Terminus Dourdan-la-Forêt
41%
Egly
41%
T12 Epinay sur Orge
41%
Les Ardoines
41%
Savigny
41%
Ablon
35%
Etrechy
35%
Bruyères le Chatel Breuillet
29%
Chamarande
29%
La Norville
29%
Sainte Genevieve des Bois
29%
Saint Michel sur Orge
29%
Villeneuve le Roi
29%
Bouray
24%
Breuillet Village
24%
Lardy
24%
Marolles en Hurepoix
24%
Sermaise
24%
Saint-Cheron
18%
METRO 14 - Terminus Bibliothèques Francois Mitterrand
12%
Aucun quiz correspondant
Distribution des résultats
% des personnes avec chaque résultat
Percentile par nombre de réponses
Votre historique - résultats
Vous n’avez pas pris ce quiz